Evidences for prophethood
| Format: | Book |
|---|---|
| Language: | English |
| Published: |
Istanbul :
Hakikat Kitabevi
1987
|
| Edition: | Seventh edition |
| Subjects: |
MARC
| LEADER | 00000cam a2200000 7i4500 | ||
|---|---|---|---|
| 001 | 0000004219 | ||
| 005 | 20240930.0 | ||
| 008 | 991209 tu eng | ||
| 040 | |a INS |b eng |e rda | ||
| 090 | 0 | 0 | |a BP166.5 |b .E937 1987 |
| 245 | 0 | 0 | |a Evidences for prophethood |
| 250 | |a Seventh edition | ||
| 264 | 1 | |a Istanbul : |b Hakikat Kitabevi |c 1987 | |
| 300 | |a 120 pages ; |c 19 cm. | ||
| 336 | |a text |2 rdacontent | ||
| 337 | |a unmediated |2 rdamedia | ||
| 338 | |a volume |2 rdacarrier | ||
| 650 | 0 | |a Prophets | |
| 650 | 0 | |a Prophets in the Kuran | |
| 999 | |a 0000002917 |b BOOK |c Open Shelf |e Default branch | ||